Digest of the statutory law relating to the management and rating of collieries (Record no. 86315)

MARC details
000 -LEADER
fixed length control field 00481cam a2200181 4500
001 - CONTROL NUMBER
control field D12883
008 - FIXED-LENGTH DATA ELEMENTS--GENERAL INFORMATION
fixed length control field 090401t1902 xxu||||| |||| 00| 0 eng d
035 ## - SYSTEM CONTROL NUMBER
System control number (Sirsi) u6485
041 ## - LANGUAGE CODE
Language code of text/sound track or separate title eng
100 ## - MAIN ENTRY--PERSONAL NAME
Personal name Hamilton, H.B Hans
245 ## - TITLE STATEMENT
Title Digest of the statutory law relating to the management and rating of collieries
260 ## - PUBLICATION, DISTRIBUTION, ETC.
Name of publisher, distributor, etc. Walter Scott Publishing Co
Date of publication, distribution, etc. 1902
350 ## - PRICE (NR) (BK AM CF MU VM SE) [OBSOLETE]
Price 0
520 ## - SUMMARY, ETC.
Summary, etc. Shelf 182
700 ## - ADDED ENTRY--PERSONAL NAME
Personal name Forbes, Urquhart A
942 ## - ADDED ENTRY ELEMENTS (KOHA)
Suppress in OPAC 0
948 ## - LOCAL PROCESSING INFORMATION (OCLC); SERIES PART DESIGNATOR (RLIN)
c (OCLC) 04/03/1997
Holdings
Withdrawn status Lost status Source of classification or shelving scheme Damaged status Not for loan Home library Current library Shelving location Date acquired Total Checkouts Full call number Barcode Date last seen Copy number Price effective from Koha item type
    Other/Generic Classification Scheme     London London Basement 14/08/1991   SHELF 182 30013920 06/08/2019 1 06/08/2019 Reference material